Economic valuation with stated preference techniques : a manual /

Salvato in:
Dettagli Bibliografici
Altri autori: Bateman, Ian
Natura: Libro
Pubblicazione: Cheltenham, UK ; Northampton, MA : Edward Elgar, c2002.
Soggetti:
Tags: Aggiungi Tag
Nessun Tag, puoi essere il primo ad aggiungerne!!

MARC

LEADER 00000cam a22000004a 4500
020 |a 1840649194  |c TZS 61,534/= 
040 |a MUL  |b eng.  |e AACR 
082 0 0 |a 333.7 ECO 
245 0 0 |a Economic valuation with stated preference techniques :  |b a manual /  |c Ian J. Bateman ... [et al.]. 
260 |a Cheltenham, UK ;  |a Northampton, MA :  |b Edward Elgar,  |c c2002. 
300 |a xx, 458 p. :  |b ill. ;  |c 23 cm. 
500 |a At head of title: Department for Transport. 
504 |a Includes bibliographical references (p. 405-433) and index. 
650 0 |a Environmental economics  |v Handbooks, manuals, etc. 
650 0 |a Environmental auditing  |v Handbooks, manuals, etc. 
700 1 |a Bateman, Ian. 
942 |c BK 
999 |c 8378  |d 8378